| 000 | 00799nam a22001817a 4500 | ||
|---|---|---|---|
| 999 |
_c21109 _d21109 |
||
| 003 | AR-CdUCM | ||
| 008 | 191019b ||||| |||| 00| 0 spa d | ||
| 040 |
_aMUNICIPALIDAD PROVINCIAL DEL CUSCO _cBIBLIOTECA MUNICIPAL DEL CUSCO |
||
| 082 |
_a333.335 / _bER71 |
||
| 100 |
_aErasmus, Charles J. _944001 |
||
| 245 |
_aEl hombre asume el control : _bdesarrollo cultural y programas de ayuda técnica / |
||
| 260 |
_aBuenos Aires : _bOmega, _c1963. |
||
| 300 | _a316 páginas ; | ||
| 505 | _aContiene : Un hombre del pasado -- Motivación y cognición -- Cognición y conocimiento probable -- Limitación -- Limitación y sociedad -- Desarrollo cultural -- Estudio de un caso de desarrollo cultural en el noroeste de Mejico ... | ||
| 650 |
_aCultura _9126 |
||
| 650 |
_aMéxico _918 |
||
| 942 |
_2ddc _cLIBROS |
||